Countries Hidden in the World Map - Treasure Hunt - Statistics

General Stats
  • This quiz has been taken 28,622 times
  • The average score is 11 of 15
Answers on the Map
Answers color-coded by a green-red scale on the quiz's map according to % correct below.
 
Answer Stats
Country % Correct
Egypt
94%
Spain
91%
Cuba
87%
Myanmar
85%
Ukraine
85%
Senegal
80%
Argentina
79%
Nigeria
79%
Ecuador
73%
Tajikistan
73%
North Korea
72%
Zimbabwe
68%
Brunei
66%
Mauritius
63%
New Zealand
35%
No matching quizzes found
Score Distribution
Percent of People with Each Score
Percentile by Number Answered
Your Score History
You have not taken this quiz